000 00824nam a2200253 a 4500
001 BRCA_4628
005 20190320204736.0
008 280910s1932----mx-a######---#000-0#spa-#
041 _aspa
044 _amx
050 4 _aNK8214
_b.C47 1932
100 1 _aCervantes, Enrique A.
_9383
245 1 0 _aHierros de Oaxaca
_cEnrique A. Cervantes.
260 _aOaxaca, México
_bGobierno del Estado
_c1932
300 _a60 p.
_bil.
_c29 cm.
440 0 _aMonografĂ­as del Gobierno del Estado
_911710
500 _aHojas sueltas numeradas (iv a lx impresas por una sola cara)
500 _aIncluye algunas obras del autor y una carta de examen a un maestro herrero
500 _aFaltan las ilustraciones xxiii, xxiv y xxxv
500 _aD38
650 1 4 _aHerrajes
_zOaxaca (Ciudad)
_911711
902 _aGFM
942 _2lcc
_cB
999 _c4331
_d4331